| 000 | 00732nam a2200229 a 4500 | ||
|---|---|---|---|
| 001 | 000025270 | ||
| 005 | 20200930023655.0 | ||
| 008 | 110211s1976 sp ac r 000 0 spa d | ||
| 020 | _a842395319X | ||
| 040 |
_aDO-SdBNP _bspa _cBNPHU |
||
| 082 |
_aNNN _bR252P, 1976 |
||
| 100 | 1 |
_aPetit, Pierre _d1922-2000 _951778 |
|
| 245 | 1 | 0 |
_aRavel / _cPierre Petit ; traducción del francés por Felipe Ximénez de Sandoval. |
| 250 | _a2a ed. | ||
| 260 |
_aMadrid : _bEspasa-Calpe, _c1976. |
||
| 300 |
_a126 p. : _bil., retrs. ; _c18 cm. |
||
| 490 | 1 | _aClásicos de la música | |
| 504 | _aIncluye bibliografía (p. 123) | ||
| 700 | 1 |
_aXiménez de Sandoval, Felipe _etr. _919335 |
|
| 830 | 0 |
_aClásicos de la música _933880 |
|
| 049 | _aBNGR | ||
| 999 |
_c24763 _d24763 |
||